Dinosaures par images - Stégosauriens - Statistiques

Statistiques générales
  • Ce quiz a été pris 35 fois
  • Le résultat moyen est 5 sur 29
Statistiques - réponses
Par images Réponse % Correct
Kentrosaurus
96%
Stegosaurus
96%
Gigantspinosaurus
57%
Tuojiangosaurus
43%
Wuerhosaurus
43%
Chungkingosaurus
29%
Huayangosaurus
29%
Miragaia
29%
Dacentrurus
21%
Lexovisaurus
18%
Hesperosaurus
14%
Adratiklit
7%
Craterosaurus
7%
Dravidosaurus
7%
Thyreosaurus
7%
Alcovasaurus
4%
Bashanosaurus
4%
Isaberrysaura
4%
Loricatosaurus
4%
Mongolostegus
4%
Paranthodon
4%
Baiyinosaurus
0%
Chialingosaurus
0%
Hypsirhophus
0%
Jiangjunosaurus
0%
Monkonosaurus
0%
Regnosaurus
0%
Yanbeilong
0%
Yingshanosaurus
0%
Aucun quiz correspondant
Distribution des résultats
% des personnes avec chaque résultat
Percentile par nombre de réponses
Votre historique - résultats
Vous n’avez pas pris ce quiz